Top 10 Premier League Players 2023/24 - Statistiken

Allgemein
  • Dieses Quiz wurde 222 mal gespielt
  • Das Durchschnittsergebnis liegt bei 4 aus 10
Antwortstatistiken
Hint Antwort % Korrekt
Striker Haaland
87%
Defender Van dijk
44%
Winger Foden
42%
Defender Saliba
42%
Striker Watkins
42%
Striker Palmer
31%
Winger Saka
31%
Midfielder De bruyne
24%
Midfielder Rice
18%
Midfielder Rodri
12%
Keine übereinstimmenden Quizze gefunden
Verteilung der Resultate
Anzahl Personen mit jedem Resultat
Perzentil nach korrekt beantworteten Fragen
Ihre Resultats-Entwicklung
Sie haben dieses Quiz noch nicht gespielt